PENUNGGANG AGAMA?

Bibliographic Details
Main Author: Wan Ji Wan Hussin (Author)
Format: Book
Language:Malay
Published: Batu Caves, Selangor : PUTEH PRESS An imprint of Open Bridge Publication Sdn Bhd 2019
Edition:First edition
Subjects:

MARC

LEADER 00000cam a2200000 7i4500
001 0000029620
005 20241128.0
008 211229 my may
020 |a 9789673694051 
040 |a INS   |b eng   |e rda 
090 0 0 |a BP174   |b .W36 2019 
100 0 |a Wan Ji Wan Hussin ,   |e author 
245 1 0 |a PENUNGGANG AGAMA?   |c WAN JI WAN HUSSIN 
250 |a First edition 
264 1 |a Batu Caves, Selangor :   |b PUTEH PRESS An imprint of Open Bridge Publication Sdn Bhd   |c 2019 
300 |a xi, 188 pages ;   |c 20 cm. 
336 |a text  |2 rdacontent 
337 |a unmediated  |2 rdamedia 
338 |a volume  |2 rdacarrier 
650 0 |a Islam   |x Customs and practices 
650 0 |a Muslims   |x Conduct of life 
650 0 |a Religious life   |x Islam 
999 |a 1000004410   |b BOOK   |c Open Shelf   |e Default branch